Loading...
| Science - Other | 0 | 6 | 1 | 1 | 55 | 82 | 104.67 | 0 | 1 | 10.89 | 26.14 |
| History - American | 1 | 4 | 1 | 2 | 50 | 58 | 95.60 | 2 | 2 | 11.74 | 26.14 |
| History - European | 0 | 5 | 1 | 1 | 45 | 73 | 112.60 | 0 | 2 | 5.98 | 21.59 |
| Fine Arts - Auditory | 0 | 4 | 0 | 1 | 40 | 107 | 122.75 | 0 | 0 | 2.40 | 7.95 |
| Science - Biology | 0 | 5 | 3 | 2 | 35 | 68 | 98.80 | 0 | 1 | 8.70 | 22.73 |
| Fine Arts - Other | 0 | 3 | 0 | 1 | 30 | 89 | 110.33 | 0 | 0 | 4.92 | 12.50 |
| Mythology | 0 | 4 | 2 | 1 | 30 | 67 | 113.25 | 0 | 1 | 8.03 | 16.25 |
| Fine Arts - Visual | 0 | 4 | 2 | 3 | 30 | 127 | 134.75 | 0 | 1 | 1.49 | 11.36 |
| Philosophy | 0 | 3 | 1 | 0 | 25 | 117 | 124.33 | 0 | 0 | 1.86 | 13.64 |
| Religion | 0 | 3 | 1 | 2 | 25 | 114 | 130.00 | 0 | 0 | 5.08 | 18.75 |
| History - Other | 0 | 2 | 0 | 0 | 20 | 129 | 131.00 | 0 | 0 | 1.30 | 5.00 |
| Social Science | 0 | 2 | 1 | 1 | 15 | 83 | 108.50 | 0 | 1 | 3.21 | 11.25 |
| Literature - British | 0 | 2 | 1 | 0 | 15 | 93 | 104.50 | 0 | 1 | 4.36 | 11.36 |
| Science - Physics | 0 | 3 | 3 | 1 | 15 | 59 | 96.33 | 1 | 1 | 6.59 | 14.77 |
| Pop Culture | 0 | 1 | 0 | 0 | 10 | 83 | 83.00 | 0 | 1 | 7.79 | 17.50 |
| Current Events | 0 | 1 | 0 | 1 | 10 | 117 | 117.00 | 0 | 0 | 0.85 | 12.50 |
| Geography | 0 | 1 | 0 | 0 | 10 | 94 | 94.00 | 0 | 1 | 14.12 | 37.50 |
| Religion- | 0 | 1 | 0 | 0 | 10 | 84 | 84.00 | 1 | 1 | 5.08 | 18.75 |
| Popular Culture | 0 | 0 | 0 | 0 | 0 | 0.00 | 0 | 0 | 0.00 | 0.00 | |
| Literature - American | 0 | 0 | 0 | 0 | 0 | 0.00 | 0 | 0 | 0.00 | 0.00 | |
| Literature - European | 0 | 1 | 2 | 0 | 0 | 133 | 133.00 | 0 | 0 | 0.07 | 1.14 |
| Mythology- Edited | 0 | 0 | 1 | 0 | -5 | 0.00 | 0 | 0 | 0.00 | 0.00 | |
| Other Academic | 0 | 0 | 1 | 0 | -5 | 0.00 | 0 | 0 | 0.00 | 0.00 | |
| History - World | 0 | 2 | 5 | 1 | -5 | 76 | 85.00 | 0 | 1 | 5.49 | 9.38 |
| Science - Chemistry | 0 | 0 | 3 | 0 | -15 | 0.00 | 0 | 0 | 0.00 | 0.00 | |
| Literature - World | 0 | 0 | 4 | 0 | -20 | 0.00 | 0 | 0 | 0.00 | 0.00 |